Normal view
MARC view
Entry Corporate Name
001 - CONTROL NUMBER
- control field: 26241
003 - CONTROL NUMBER IDENTIFIER
- control field: ARRUPE
005 - DATE AND TIME OF LATEST TRANSACTION
- control field: 20160927104157.0
008 - FIXED-LENGTH DATA ELEMENTS
- fixed length control field: 160927|| aca||aabn | a|a d
040 ## - CATALOGING SOURCE
- Original cataloging agency: ARRUPE
- Transcribing agency: ARRUPE
110 ## - HEADING--CORPORATE NAME
- Corporate name or jurisdiction name as entry element: Church Historical Society (Great Britain)
670 ## - SOURCE DATA FOUND
- Source citation: Work cat.: (ARRUPE)0: Hinchliff, Peter 26239, The Church in South Africa, 1968.